The suicidal child / (Record no. 721)

MARC details
000 -LEADER
fixed length control field 00713cam a2200289 a 4500
005 - DATE AND TIME OF LATEST TRANSACTION
control field 20260322212031.0
008 - FIXED-LENGTH DATA ELEMENTS--GENERAL INFORMATION
fixed length control field data
010 ## - LIBRARY OF CONGRESS CONTROL NUMBER
LC control number 85-31710
020 ## - INTERNATIONAL STANDARD BOOK NUMBER
International Standard Book Number 0898626641
020 ## - INTERNATIONAL STANDARD BOOK NUMBER
International Standard Book Number 9780898626643
040 ## - CATALOGING SOURCE
Original cataloging agency DNLM
Transcribing agency DNLM
041 09 - LANGUAGE CODE
Language code of text/sound track or separate title eng
044 ## - COUNTRY OF PUBLISHING/PRODUCING ENTITY CODE
-- United States
060 00 - NATIONAL LIBRARY OF MEDICINE CALL NUMBER
Classification number HV 6546
Item number P524s 1986
001 - CONTROL NUMBER
control field data
100 1# - MAIN ENTRY--PERSONAL NAME
Personal name Pfeffer, Cynthia R.
245 14 - TITLE STATEMENT
Title The suicidal child /
Statement of responsibility, etc. Cynthia R. Pfeffer.
260 ## - PUBLICATION, DISTRIBUTION, ETC.
Place of publication, distribution, etc. New York :
Name of publisher, distributor, etc. Guilford Press,
Date of publication, distribution, etc. c1986.
300 ## - PHYSICAL DESCRIPTION
Extent xvii, 318 p. :
Other physical details ill.
500 ## - GENERAL NOTE
General note Includes indexes.
504 ## - BIBLIOGRAPHY, ETC. NOTE
Bibliography, etc. note Bibliography: p. 291-302.
590 ## - LOCAL NOTE (RLIN)
Local note Bibliogrqphy: p. 291-302.
590 ## - LOCAL NOTE (RLIN)
Local note Includes indexes.
650 #2 - SUBJECT ADDED ENTRY--TOPICAL TERM
Topical term or geographic name entry element Suicide
650 22 - SUBJECT ADDED ENTRY--TOPICAL TERM
Topical term or geographic name entry element Child
650 22 - SUBJECT ADDED ENTRY--TOPICAL TERM
Topical term or geographic name entry element Infant
Holdings
Withdrawn status Lost status Damaged status Not for loan Home library Current library Shelving location Date acquired Total checkouts Full call number Barcode Date last seen Price effective from Koha item type
        Fairfield Fairfield General stacks 22/03/2026   GEN BC0010738 22/03/2026 22/03/2026 Books